Business strategy and national culture : (Record no. 350347)
[ view plain ]
| 000 -LEADER | |
|---|---|
| fixed length control field | 01302cam a22003374a 4500 |
| 001 - CONTROL NUMBER | |
| control field | 12686499 |
| 003 - CONTROL NUMBER IDENTIFIER | |
| control field | OSt |
| 005 - DATE AND TIME OF LATEST TRANSACTION | |
| control field | 20180116183013.0 |
| 008 - FIXED-LENGTH DATA ELEMENTS--GENERAL INFORMATION | |
| fixed length control field | 020222s2002 enka b 001 0 eng |
| 010 ## - LIBRARY OF CONGRESS CONTROL NUMBER | |
| LC control number | 2002022061 |
| 020 ## - INTERNATIONAL STANDARD BOOK NUMBER | |
| International Standard Book Number | 184064480X |
| 035 ## - SYSTEM CONTROL NUMBER | |
| System control number | (DLC) 2002022061 |
| 035 ## - SYSTEM CONTROL NUMBER | |
| System control number | (DLC)2459 |
| 040 ## - CATALOGING SOURCE | |
| Original cataloging agency | DLC |
| Transcribing agency | DLC |
| Modifying agency | DLC |
| 042 ## - AUTHENTICATION CODE | |
| Authentication code | pcc |
| 043 ## - GEOGRAPHIC AREA CODE | |
| Geographic area code | n-us--- |
| -- | p------ |
| -- | e------ |
| 050 00 - LIBRARY OF CONGRESS CALL NUMBER | |
| Classification number | HD9696.2.U62 |
| Item number | T773 2002 |
| 082 00 - DEWEY DECIMAL CLASSIFICATION NUMBER | |
| Classification number | 338.8871004094 TSA 2002 |
| Edition number | 21 |
| 100 1# - MAIN ENTRY--PERSONAL NAME | |
| Personal name | Tsang, Denise, |
| Dates associated with a name | 1965- |
| 245 10 - TITLE STATEMENT | |
| Title | Business strategy and national culture : |
| Remainder of title | US and Asia Pacific microcomputer multinationals in Europe / |
| Statement of responsibility, etc. | Denise Tsang. |
| 260 ## - PUBLICATION, DISTRIBUTION, ETC. | |
| Place of publication, distribution, etc. | Cheltenham, UK ; |
| -- | Northampton, MA, USA : |
| Name of publisher, distributor, etc. | Edward Elgar, |
| Date of publication, distribution, etc. | c2002. |
| 300 ## - PHYSICAL DESCRIPTION | |
| Extent | xiii, 251 p. : |
| Other physical details | ill. ; |
| Dimensions | 24 cm. |
| 440 #0 - SERIES STATEMENT/ADDED ENTRY--TITLE | |
| Title | New horizons in international business |
| 504 ## - BIBLIOGRAPHY, ETC. NOTE | |
| Bibliography, etc. note | Includes bibliographical references (p. 223-239) and index. |
| 650 #0 - SUBJECT ADDED ENTRY--TOPICAL TERM | |
| Topical term or geographic name entry element | Computer industry |
| Geographic subdivision | United States. |
| 650 #0 - SUBJECT ADDED ENTRY--TOPICAL TERM | |
| Topical term or geographic name entry element | Computer industry |
| Geographic subdivision | Pacific Area. |
| 650 #0 - SUBJECT ADDED ENTRY--TOPICAL TERM | |
| Topical term or geographic name entry element | International business enterprises |
| Geographic subdivision | Europe. |
| 906 ## - LOCAL DATA ELEMENT F, LDF (RLIN) | |
| a | 7 |
| b | cbc |
| c | orignew |
| d | 1 |
| e | ocip |
| f | 20 |
| g | y-gencatlg |
| 942 ## - ADDED ENTRY ELEMENTS (KOHA) | |
| Source of classification or shelving scheme | |
| Koha item type | Book |
| Withdrawn status | Lost status | Source of classification or shelving scheme | Damaged status | Not for loan | Collection code | Permanent Location | Current Location | Shelving location | Date acquired | Total Checkouts | Full call number | Barcode | Date last seen | Date last checked out | Price effective from | Koha item type |
|---|---|---|---|---|---|---|---|---|---|---|---|---|---|---|---|---|
| Central Library (CL) | Central Library (CL) | General Stacks | 09/15/2015 | 1 | 338.8871004094 TSA 2002 | NBS9432 | 04/14/2023 | 08/15/2017 | 09/15/2015 | Book |
